MARC

LEADER 00000nam0a2200000 4500
001 118155
005 20231031124039.0
010 |a 5020059013 
020 |a RU  |b 89-40134 
035 |a (RuTPU)RU\TPU\book\127872 
090 |a 118155 
100 |a 20070608d1989 k y0rusy5003 ca 
101 0 |a rus 
102 |a RU 
105 |a y z 001zy 
200 1 |a Современные проблемы инженерной геологии лессовых пород  |e сборник статей  |f Академия наук СССР, Научный совет по инженерной геологии и грунтоведению ; отв. ред. В. Т. Трофимов 
210 |a Москва  |c Наука  |d 1989 
215 |a 119 с.  |d 22 см 
320 |a Библиогр. в конце статей 
610 1 |a инженерная геология 
610 1 |a лессовые породы 
610 1 |a инженерно-геологические исследования 
610 1 |a просадочность 
610 1 |a генезис 
610 1 |a СССР 
610 1 |a инженерные сооружения 
610 1 |a проектирование 
610 1 |a строительство 
610 1 |a эксплуатация 
675 |a 624.131.23  |z rus  |v 3 
702 1 |a Трофимов  |b В. Т.  |g Виктор Титович  |4 340 
712 0 2 |a Академия наук СССР (АН СССР)  |b Научный совет по инженерной геологии и грунтоведению  |2 stltpush  |3 (RuTPU)RU\TPU\col\722 
801 0 |a RU  |b RuMRKP  |c 19950417  |g psbo 
801 1 |a RU  |b 63413507  |c 20070608  |g PSBO 
801 2 |a RU  |b 63413507  |c 20091030  |g PSBO 
942 |c BK